Europe's Invisible Migrants (Record no. 93372)
[ view plain ]
| 000 -LEADER | |
|---|---|
| fixed length control field | 01827nam a2200229Ii 4500 |
| 008 - FIXED-LENGTH DATA ELEMENTS--GENERAL INFORMATION | |
| fixed length control field | 221202s xx 000 0 und d |
| 245 #0 - TITLE STATEMENT | |
| Title | Europe's Invisible Migrants |
| 264 ## - PRODUCTION, PUBLICATION, DISTRIBUTION, MANUFACTURE, AND COPYRIGHT NOTICE | |
| Name of producer, publisher, distributor, manufacturer | Amsterdam University Press |
| Date of production, publication, distribution, manufacture, or copyright notice | 2002 |
| 300 ## - PHYSICAL DESCRIPTION | |
| Extent | 1 online resource (248 pages) |
| 336 ## - CONTENT TYPE | |
| Content type term | text |
| Content type code | txt |
| Source | rdacontent |
| 337 ## - MEDIA TYPE | |
| Media type term | computer |
| Media type code | c |
| Source | rdamedia |
| 338 ## - CARRIER TYPE | |
| Carrier type term | online resource |
| Carrier type code | cr |
| Source | rdacarrier |
| 490 ## - SERIES STATEMENT | |
| Series statement | Europa |
| 520 ## - SUMMARY, ETC. | |
| Summary, etc. | Following the decolonization movements that swept the globe after World War II, between four and six million people were 'returned' to Europe from the colonies. From an exporter of people, Europe turned to a site of immigration for the first time in the twentieth century. Until now, these migrations have been overlooked as scholars have highlighted instead the parallel migrations of former 'colonized' peoples. Europe's Invisible Migrants corrects this bias. This multidisciplinary volume presents essays by prominent sociologists, historians, and anthropologists on their research with these 'invisible' migrant communities. Their work highlights the experiences of colonists returning to France, Portugal and the Netherlands, the intersection of race, citizenship, and colonial ideologies, and the ways these migrations reflect the return of the 'colonial' to Europe. This volume offers fresh insights into immigration, racism and ethnic conflict in post-colonial Europe by presenting colonial repatriates as another 'immigrant' population. |
| 653 ## - INDEX TERM--UNCONTROLLED | |
| Uncontrolled term | Geschiedenis |
| 653 ## - INDEX TERM--UNCONTROLLED | |
| Uncontrolled term | History, Geography, And Auxiliary Disciplines |
| 653 ## - INDEX TERM--UNCONTROLLED | |
| Uncontrolled term | Sociologie |
| 653 ## - INDEX TERM--UNCONTROLLED | |
| Uncontrolled term | Sociology |
| 700 1# - ADDED ENTRY--PERSONAL NAME | |
| Personal name | Smith, Andrea |
| 856 ## - ELECTRONIC LOCATION AND ACCESS | |
| Uniform Resource Identifier | <a href="https://docs.google.com/spreadsheets/d/1yKIrdCPDAG_9c22mwoOIO2DOhtj65Wqa/edit?usp=sharing&ouid=106555315294820607512&rtpof=true&sd=true ">https://docs.google.com/spreadsheets/d/1yKIrdCPDAG_9c22mwoOIO2DOhtj65Wqa/edit?usp=sharing&ouid=106555315294820607512&rtpof=true&sd=true </a> |
| Link text | List of Curated E-Books |
| 942 ## - ADDED ENTRY ELEMENTS (KOHA) | |
| Koha item type | E-Book |
No items available.